000
00370nam a2200145Ia 4500
008
231129s2002||||xx |||||||||||||| ||spa||
020
_a
84-270-2819-9
040
_b
spa
082
_a
E863 G463t
100
_a
Gil Bera Eduardo
245
0
_a
Torralba
260
_c
2002
264
_a
Ediciones Martínez Roca
942
_2
ddc
_c
BKS
999
_c
25524
_d
25524